• 首页
  • 本馆介绍
  • 公告通知
  • 最新文献
  • 馆藏检索
  • 电子资源
  • 读者导购
  • 参考咨询
  • 我的图书馆
  • 登录
  • 详细信息显示
  • 放入我的书架
  • 预约/预借图书
  • 作者相关作品
  • 分类相关作品
  • 丛书相关作品
  • 出版社相关作品

书目信息

  • 表格格式
  • 工作单格式
  • 卡片格式
题名:
氯碱生产与操作
    
 
作者: 张艳君 , 魏凤琴 主编
分册:  
出版信息: 北京   化学工业出版社  2014.5
页数: 231页
开本: 26cm
丛书名:
单 册:
中图分类: TQ114
科图分类:
主题词: 氯碱生产--高等职业教育--教材 , 氯碱生产
电子资源:
ISBN: 978-7-122-17796-4
000 01006nam0 2200277 450
001 0400001900
005 20171019191055.0
010    @a978-7-122-17796-4@dCNY35.00
090    @aTQ114@bzyj
100    @a20140429e2014 em y0chiy50 ea
101 0  @achi
102    @aCN@b110000
105    @aa z 000yy
106    @ar
200 1  @a氯碱生产与操作@9lv jian sheng chan yu cao zuo@f张艳君,魏凤琴主编
210    @a北京@c化学工业出版社@d2014.5
215    @a231页@c图@d26cm
300    @a高职高专“十二五”规划教材 中央财政重点支持建设专业校企合作系列教材
330    @a本书共分为一次盐水精制、二次盐水精制及电解、氯氢处理、液氯的生产、氯化氢及盐酸、成品碱六个大项目。每个项目开头提出知识目标、能力目标,每个子任务完成后编排了一定数量的任务训练。
606 0  @a氯碱生产@x高等职业教育@j教材
606 0  @a氯碱生产
690    @aTQ114@v5
701  0 @a张艳君@9zhang yan jun@c(化工)@4主编
701  0 @a魏凤琴@9wei feng qin@c(化工)@4主编
801  0 @aCN@bNLC@c20171019
905    @b1025916-20@dTQ114@f5@e33
    
    氯碱生产与操作/张艳君,魏凤琴主编.-北京:化学工业出版社,2014.5
    231页:图;26cm
    高职高专“十二五”规划教材 中央财政重点支持建设专业校企合作系列教材
    
    ISBN 978-7-122-17796-4:CNY35.00
    本书共分为一次盐水精制、二次盐水精制及电解、氯氢处理、液氯的生产、氯化氢及盐酸、成品碱六个大项目。每个项目开头提出知识目标、能力目标,每个子任务完成后编排了一定数量的任务训练。
●
相关链接 在E读中查询图书 在五车中查询图书 在当当中查询图书 在豆瓣中查询图书


正题名:氯碱生产与操作     索取号:TQ114/33         预约/预借

序号 登录号 条形码 馆藏地/架位号 状态 备注
1 1025916   210259165   第二样本阅览室/ [索取号:TQ114/33] 在馆    
2 1025917   210259174   密集书库-化学系/ [索取号:TQ114/33] 在馆    
3 1025918   210259183   第三借阅区/ [索取号:TQ114/33] 在馆    
4 1025919   210259192   第三借阅区/ [索取号:TQ114/33] 在馆    
5 1025920   210259209   第三借阅区/ [索取号:TQ114/33] 在馆    
唐山师范学院图书馆 欢迎您!
大连网信软件有限公司© 版权所有